000 04106nab a2200337 i 4500
003 BR-BrBNA
005 20250620133247.0
008 250620b2018 bl.qr|pooa||| 00| 0 por |
040 _aBR-BrBNA
_bpor
072 _aF70
100 _aMota, Nara Furtado de Oliveira
100 _aWatanabe, Mauricio Takashi Coutinho
100 _aZappi, Daniela Cristina
100 _aHiura, Alice Lima
100 _aPallos, Julieta
100 _aViveros, Raquel Stauffer
100 _aGiulietti, Ana Maria
100 _aViana, Pedro Lage
245 _aCangas da Amazônia: a vegetação única de Carajás evidenciada pela lista de fanerógamas
500 _aPublicação on-line; Bibliography p. 1484-1488 (148 ref.); 2 tables; 4 illus.; Summaries (En, Pt)
520 _a Resumo Nas cangas da Floresta Nacional (FLONA) de Carajás e no Parque Nacional dos Campos Ferruginosos (PNCF) foram registradas 856 espécies, distribuídas em 116 famílias de fanerógamas. As famílias mais ricas foram Poaceae (86), Fabaceae (65) e Rubiaceae (46). O hábito herbáceo foi o melhor representado. Dois gêneros, 24 espécies e uma subespécie são apontadas como endêmicas das cangas da área de estudos. Na FLONA de Carajás, a Serra Norte, com maior amostragem, possui 659 espécies de fanerógamas e na Serra Sul foram registradas 545 espécies. Aproximadamente 60% das espécies documentadas na área de estudos, incluindo espécies endêmicas, não possuem registro para o PNCF. Através da lista taxonômica aqui apresentada, foi possível demonstrar considerável distinção entre as cangas da Serra dos Carajás e as do Quadrilátero Ferrífero, em Minas Gerais, apontando também pouca correspondência dessas duas listas com a canga de Corumbá, no Mato Grosso do Sul. A riqueza e singularidade da flora da região, que inclui diversas espécies endêmicas, associada à ameaça a que estão submetidos estes ambientes por atividades de mineração, apontam para a necessidade de um planejamento para conservação das espécies da flora das cangas de Carajás. Palavras-chave: Amazônia, Angiospermas, endemismo, Gimnospermas, florística, riqueza de espécies. Abstract The Floresta Nacional de Carajás (FLONA of Carajás) and the Parque Nacional dos Campos Ferruginosos (PNCF) are home to canga vegetation where 856 species distributed in 116 families of seed plants were recorded. The richest families were the Poaceae (86), Fabaceae (65) and Rubiaceae (46) and the best represented habit was herbaceous. Two genera, 24 species and one subspecies are considered endemic from the canga of the studied area. Within the FLONA of Carajás, the Serra Norte was the best sampled site, and is home for 659 species of seed plants, while 545 species were recorded for the Serra Sul. Approximately 60% of the species documented, including the endemics, have no record within the PNCF. Through the taxonomic list here presented, it was possible to demonstrate considerable distinction between the canga of the Serra dos Carajás and the same formation in the Quadrilátero Ferrífero, in Minas Gerais, with little correspondence between these two lists and the one from Corumbá, Mato Grosso do Sul state. The richness and singularity of the regional flora, which includes many endemisms, associated to the current threats to these environments due to mineral exploration, point to the need for planning the conservation of the species of the flora of the canga of Carajás. Key words: Amazon, Angiosperms, endemism, Gymnosperms, floristics, species richness
650 _aAMAZÔNIA
650 _aPLANTA ANGIOSPERMA
650 _aÁRVORE GIMNOSPERMA
650 _aCOMPOSIÇÃO BOTÂNICA
650 _aESPÉCIE
773 0 _0709
_9350966
_dRio de Janeiro-RJ Jardim Botanico do Rio de Janeiro 1935
_o2025-3590
_tRodriguésia (Brazil)
_x0370-6583; 2175-7860 on-line
_gv. 69(3) p. 1435-1488; (2018)
_wBR2025003162
856 _uhttps://www.scielo.br/j/rod/a/7hm73khqzS4gyg8jTk3SGmh/?format=pdf&lang=pt
942 _cANA
999 _c332146
_d332146